Top 10 Most African-American U.S. States, With Exceptions - Statistics

General Stats
  • This quiz has been taken 33 times
  • The average score is 8 of 10
Answer Stats
% State % Correct
17.05 New York
100%
16.19 Illinois
94%
12.58 Ohio
90%
11.30 Pennsylvania
90%
10.60 Indiana
87%
15.76 Michigan
87%
15.19 New Jersey
87%
10.88 Connecticut
81%
11.40 Missouri
74%
10.80 Nevada
58%
No matching quizzes found
Score Distribution
Percent of People with Each Score
Percentile by Number Answered
Your Score History
You have not taken this quiz